लोड हो रहा है...

American omnibus /

ग्रंथसूची विवरण
मुख्य लेखक: Simenon, Georges
स्वरूप: Printed Book
भाषा:English
प्रकाशित: Harcourt Brace Jovanovich, 1955.
विषय:
LEADER 00451nam a2200133Ia 4500
008 150623b xxu||||| |||| 00| 1 eng d
082 |a 843.912S2 
100 |a Simenon, Georges 
245 |a American omnibus /  |c Georges Simenon 
260 |b Harcourt Brace Jovanovich,  |c 1955. 
650 |v Fiction 
942 |c BK 
999 |c 2697  |d 2697 
952 |0 0  |1 0  |4 0  |6 843_000000000000000_912S2_AME  |7 0  |9 2696  |a UL  |b UL  |c ST2  |d 1998-09-24  |l 0  |o 843.912S2 AME  |p 5226  |r 2012-10-27  |w 2012-10-27  |y BK